| 000 | 00367nam a22001217a 4500 | ||
|---|---|---|---|
| 999 |
_c1555 _d1555 |
||
| 005 | 20200901143355.0 | ||
| 008 | 200901b ||||| |||| 00| 0 eng d | ||
| 020 | _a052107644 | ||
| 040 | _cCML | ||
| 245 |
_aIntroductory Physical Science Part 1. _cFirth, D.C. |
||
| 260 |
_aLondon _bCambridge University _c1978 |
||
| 942 |
_2ddc _cBK _e1st Edition _h500 _mFIR |
||